Państwa w Afryce A-Z - Statystyki

Ogólne statystyki
  • Ten quiz został rozwiązany 429 razy
    405 od ostatniego zresetowania
  • Średni wynik to 15 z 16
Statystyki odpowiedzi
Państwo % Poprawnych
M Madagaskar | Mali | Malawi | Maroko |Mauretania | Mauritius | Mozambik
99%
A Algieria | Angola
98%
E Egipt | Erytrea | Eswatini | Etiopia
98%
G Gabon | Gambia | Ghana | Gwinea | Gwinea Równikowa | Gwinea Bissau
98%
K Kamerun | Kenia | Komory | Kongo
97%
N Namibia | Niger | Nigeria
97%
R Republika Południowej Afryki | Rwanda |Republika Zielonego Przylądka |
Republika Środkowoafrykańska
97%
S Senegal | Seszele | Sierra Leone | Somalia | Sudan | Sudan Południowy
97%
Z Zambia | Zimbabwe
97%
T Tanzania | Togo | Tunezja
96%
L Lesotho | Liberia | Libia
95%
U Uganda
95%
C Czad
94%
B Benin | Botswana | Burkina Faso | Burundi
93%
D Demokratyczna Republika Konga | Dżibuti
93%
W Wybrzeże Kości Słoniowej | Wyspy Świętego Tomasza i Książęca
84%
Nie znaleziono quizów pasujących do podanych kryteriów
Rozkład punktacji
Procent ludzi z każdym wynikiem
Percentyl według liczby udzielonych odpowiedzi
Twoja historia wyników
Nie rozwiązałeś tego quizu od ostatniego zresetowania